000 00697nam a22002177a 4500
999 _c14399
_d14399
003 MIRAKIL
005 20210609132221.0
008 210609b tu ||||| |||| 00| 0 tur d
040 _aTR-AnCHP
_btur
_cTR-AnCHP
041 _atur
082 _aCHP 305.4
_bT96 2017
245 _aTürkiye'de kadın /
_cKaynakça derleyicisi Suzan Şahin.
260 _aAnkara:
_bCHP,
_c2017
300 _a C.:
_c30 sm.
500 _aKadınlarla ilgili çeşitli makaleler derlenmiştir.
650 _aKadın hakları
_zTürkiye
650 _aKadınlar
_xHukuksal durum, yasalar vb.
_ymakaleler
_zTürkiye
650 _aKadınlar
_xSosyo ekonomik durum
_xmakaleler
_zTürkiye
942 _2ddc
_cBKS
999 _d14399